Countries Spanning Two Continents - Statistics

General Stats
  • This quiz has been taken 398 times
  • The average score is 6 of 8
Answer Stats
# Country % Correct
1 Russia
98%
6 Turkey
96%
8 Egypt
85%
5 Georgia
70%
7 Panama
67%
4 Azerbaijan
66%
3 Kazakhstan
63%
2 Indonesia
62%
No matching quizzes found
Score Distribution
Percent of People with Each Score
Percentile by Number Answered
Your Score History
You have not taken this quiz